000 00316nam a22001337a 4500
008 171003b xxu||||| |||| 00| 0 eng d
020 _a9780721614892
041 _aeng
080 _a159.9
100 _a48
101 _a[SI
245 _aRECOGNIZABLE PATTERNS HUMAN DEFORMATION
_cGRAJHAM
942 _2udc
_cBK
999 _c31449
_d31449